Normal view
MARC view
- Jayakrishnan, Rayamangalam
Entry Personal Name
001 - CONTROL NUMBER
- control field: 7818
003 - CONTROL NUMBER IDENTIFIER
- control field: OSt
005 - DATE AND TIME OF LATEST TRANSACTION
- control field: 20250902154113.0
008 - FIXED-LENGTH DATA ELEMENTS
- fixed length control field: 250902|| aca||aabn | a|a d
040 ## - CATALOGING SOURCE
- Original cataloging agency: OSt
- Transcribing agency: OSt
100 ## - HEADING--PERSONAL NAME
- Personal name: Jayakrishnan, Rayamangalam
670 ## - SOURCE DATA FOUND
- Source citation: Work cat.: (OSt)19504: Jayakrishnan, Rayamangalam, Mukhathu thuppunnavar /, 2016.
